Top trendy v obrábaní : IV. časť - Upínanie, prípravky a meradlá

Salvato in:
Dettagli Bibliografici
Autori principali: Monka, Peter (Autore), Paulíková, Alena (Autore)
Natura: Libro
Lingua:slovacco
Pubblicazione: Žilina : Media/St, s.r.o., 2007
Edizione:1. vydanie
Soggetti:
Accesso online:OBSAH
Tags: Aggiungi Tag
Nessun Tag, puoi essere il primo ad aggiungerne!!

MARC

LEADER 00000nam a22000003a 4500
001 stu141873
005 20220401153023.1
008 070530s2007----xo------------------slo-d
020 |a 80-968954-2-7 
040 |a STU  |b slo 
041 0 |a slo 
044 |a xo 
080 |a 621.9  |7 stu_us_auth*stu8061 
100 1 |a Monka, Peter  |4 aut 
245 1 |a Top trendy v obrábaní :  |b IV. časť - Upínanie, prípravky a meradlá 
250 |a 1. vydanie 
260 |a Žilina :  |b Media/St, s.r.o.,  |c 2007 
300 |a 168 s 
650 7 |a obrábanie  |2 stusub 
700 1 |a Paulíková, Alena  |4 aut 
856 4 |a https://sweb.mtf.stuba.sk/obsahy/top_trendy_v_obrabani_4_cast_upinanie_pripravky_a_meradla_07.pdf  |u https://sweb.mtf.stuba.sk/obsahy/top_trendy_v_obrabani_4_cast_upinanie_pripravky_a_meradla_07.pdf  |3 OBSAH 
996 |b 284M079481  |c M*11916/4-4  |l MMKN  |s A  |a 24  |w stu141873_0001 
996 |b 284J032988  |c J*108388  |l JJSK  |s A  |a 24  |w stu141873_0002 
996 |b 284M076231  |c M*11916/4-1  |l MMST  |s A  |a 24  |w stu141873_0003 
996 |b 284M081787  |c M*11916/4-2  |l MMKN  |s A  |a 24  |w stu141873_0004 
996 |b 284M076233  |c M*11916/4-3  |l MMKN  |s A  |a 24  |w stu141873_0005 
996 |b 284M079482  |c M*11916/4-5  |l MMKN  |s A  |a 24  |w stu141873_0006 
996 |b 284M079483  |c M*11916/4-6  |l MMST  |s A  |a 24  |w stu141873_0007 
996 |b 284M079484  |c M*11916/4-7  |l MMKN  |s A  |a 24  |w stu141873_0008 
996 |b 284M079485  |c M*11916/4-8  |l MMKN  |s A  |a 24  |w stu141873_0009